Vplyv zahrnutia vnútorného obchodu na odhad efektu členstva v EU v gravitačnom modeli
Vplyv zahrnutia vnútorného obchodu na odhad efektu členstva v EÚ na bilaterálny obchodný tok pomocou gravitačného modelu. Dôraz sa kladie na komparáciu odhadu dynamického efektu členstva v modeli bez zahrnutia vnútorného obchodu a v modeli so zahrnutým vnútorným obchodom. Z výsledkov, dosiahnutých v...
Gespeichert in:
| 1. Verfasser: | |
|---|---|
| Format: | Buchkapitel |
| Sprache: | Slowakisch |
| Schlagworte: | |
| Tags: |
Keine Tags, Fügen Sie das erste Tag hinzu!
|
MARC
| LEADER | 00000naa$a2200000$$$4500 | ||
|---|---|---|---|
| 001 | 0297388 | ||
| 005 | 20240502074513.4 | ||
| 041 | 0 | |a slo | |
| 044 | |a SK | ||
| 245 | 1 | 0 | |a Vplyv zahrnutia vnútorného obchodu na odhad efektu členstva v EU v gravitačnom modeli |c Brian König |
| 520 | |a Vplyv zahrnutia vnútorného obchodu na odhad efektu členstva v EÚ na bilaterálny obchodný tok pomocou gravitačného modelu. Dôraz sa kladie na komparáciu odhadu dynamického efektu členstva v modeli bez zahrnutia vnútorného obchodu a v modeli so zahrnutým vnútorným obchodom. Z výsledkov, dosiahnutých v aplikačnej časti článku možno konštatovať, že efekt členstva v európskej únii na bilaterálny obchod je v prípade modelu s vnútorným obchodom vyšší v porovnaní s modelom bez vnútorného obchodu. Tento efekt klesá, ak v modeli s vnútorným obchodom kontrolujeme cezhraničný obchod. | ||
| 610 | 2 | 0 | |a modely |
| 610 | 2 | 0 | |a obchod |
| 610 | 2 | 0 | |a obchod vnútorný |
| 610 | 2 | 0 | |a Európska únia |
| 610 | 2 | 0 | |a efektívnosť |
| 610 | 2 | 0 | |a odhad hodnoty |
| 100 | 1 | |a König, Brian, 1983- | |